000 00781cab a2200265 4500
001 ABS54688
008 090401t1996 xxu||||| |||| 00| 0 eng d
035 _a(Sirsi) u11787
041 _aeng
100 _aWhelan, J.
245 _aManufacturing - a special case?
260 _c1996
350 _a0
490 _aEstates Gazette
_v(9611) 16 March 1996, 124-125(2)
520 _aHighlights the importance of the manufacturing sector in the industrial property market.
650 _aFACTORIES
650 _aINDUSTRIAL MARKET
650 _aINDUSTRIAL PROPERTY
650 _aMANUFACTURING SECTOR
650 _aSUPPLY AND DEMAND
690 _aPROPERTY-COMMERCIAL PROPERTY-COMMERCIAL PROPERTY MARKET
700 _aLambah-Stoate, E.
942 _n0
948 _c04/03/1997
999 _c7525
_d7525